Normal view
MARC view
- المؤنمر الثاني حول سؤال النهضة في الفكر والأدب والثقافة اربد، الاردن ، جامعة جدارا، إعداد محمد الشنطي، إعداد عبد الرحيم المراشدة
Entry Personal Name
001 - CONTROL NUMBER
- control field: 46080
003 - CONTROL NUMBER IDENTIFIER
- control field: JO-AjAnu
005 - DATE AND TIME OF LATEST TRANSACTION
- control field: 20230606081622.0
008 - FIXED-LENGTH DATA ELEMENTS
- fixed length control field: 230606|| aca||aabn | a|a d
040 ## - CATALOGING SOURCE
- Original cataloging agency: JO-AjAnu
- Transcribing agency: JO-AjAnu
100 ## - HEADING--PERSONAL NAME
- Personal name: المؤنمر الثاني حول سؤال النهضة في الفكر والأدب والثقافة اربد، الاردن ، جامعة جدارا، إعداد محمد الشنطي، إعداد عبد الرحيم المراشدة
670 ## - SOURCE DATA FOUND
- Source citation: Work cat.: (JO-AjAnu)23589: المؤنمر الثاني حول سؤال النهضة في الفكر والأدب والثقافة اربد، الاردن ، جامعة جدارا، إعداد محمد الشنطي، إعداد عبد الرحيم المراشدة , author, سؤال النهضة في الفكر والأدب والثقافة: وقائع المؤتمر الدولي الثاني لكلية الأداب واللغات/ جامعة جدارا